Crime, policing and geographic information systems (Record no. 93896)

MARC details
000 -LEADER
fixed length control field 00670cam a2200241 4500
008 - FIXED-LENGTH DATA ELEMENTS--GENERAL INFORMATION
fixed length control field 090401t1992 xxu||||| |||| 00| 0 eng d
020 ## - INTERNATIONAL STANDARD BOOK NUMBER
International Standard Book Number 0854065687
035 ## - SYSTEM CONTROL NUMBER
System control number (Sirsi) u57129
041 ## - LANGUAGE CODE
Language code of text/sound track or separate title eng
050 ## - LIBRARY OF CONGRESS CALL NUMBER
Classification number 333.70285
-- 18
100 ## - MAIN ENTRY--PERSONAL NAME
Personal name Mitchell, David
245 ## - TITLE STATEMENT
Title Crime, policing and geographic information systems
Remainder of title an emerging technology?
260 ## - PUBLICATION, DISTRIBUTION, ETC.
Place of publication, distribution, etc. London
Name of publisher, distributor, etc. AGI
Date of publication, distribution, etc. 1992
300 ## - PHYSICAL DESCRIPTION
Extent 11p.
Dimensions 30cm.
350 ## - PRICE (NR) (BK AM CF MU VM SE) [OBSOLETE]
Price 0
490 ## - SERIES STATEMENT
Series statement AGI Education, Training and Research Committee Publication
650 ## - SUBJECT ADDED ENTRY--TOPICAL TERM
Topical term or geographic name entry element GIS
650 ## - SUBJECT ADDED ENTRY--TOPICAL TERM
Topical term or geographic name entry element POLICE FORCE
690 ## - LOCAL SUBJECT ADDED ENTRY--TOPICAL TERM (OCLC, RLIN)
Topical term or geographic name as entry element LAND
710 ## - ADDED ENTRY--CORPORATE NAME
Corporate name or jurisdiction name as entry element Association for Geographic Information
9 (RLIN) 166
942 ## - ADDED ENTRY ELEMENTS (KOHA)
Suppress in OPAC 0
948 ## - LOCAL PROCESSING INFORMATION (OCLC); SERIES PART DESIGNATOR (RLIN)
c (OCLC) 04/03/1997
Holdings
Withdrawn status Lost status Source of classification or shelving scheme Damaged status Not for loan Home library Current library Shelving location Date acquired Total Checkouts Full call number Barcode Date last seen Date last checked out Copy number Price effective from Koha item type
    Dewey Decimal Classification     London London Basement 03/02/1993 1 BASEMENT 30043637 06/08/2019 15/09/1999 1 06/08/2019 Book